| 000 | 00687nam a22001817a 4500 | ||
|---|---|---|---|
| 003 | LK-CoDNM | ||
| 005 | 20250219110635.0 | ||
| 008 | 250219b |||||||| |||| 00| 0 eng d | ||
| 040 |
_aLK-CoDNM _dLK-CoDNM _eLK-CoDNM |
||
| 041 | _aeng | ||
| 080 |
_aRC _b226 |
||
| 100 | _aMurray A. James | ||
| 245 |
_aThe Avifauna of the Island of Ceylon _bA systematic account with description of all the known species of birds inhabiting the Island, also observations on their habits, nidification and tables of their geographical distribution throughout India |
||
| 260 |
_aLondon _bBombay education society's press _c1890 |
||
| 300 | _a430p , ill ; 24.4 cm | ||
| 650 | _aBirds | ||
| 942 | _cBK | ||
| 999 |
_c238184 _d238184 |
||